000 00643nam a2200229Ia 4500
003 OSt
005 20221005131327.0
006 a|||||r|||| 00| 0
007 ta
008 221004b |||||||| |||| 00| 0 221004b |||||||| |||| 00| 0 221004b |||||||| |||| 00| 0 snd d d d
024 _a46723
037 _cTextual
040 _aCRL
_cCRL
_bsdg
041 _2sdg
_asdg
082 _aO1593,1:g, 156K0
100 _aManohar Das
_9639430
245 0 _aSindhi sahitya
260 _c1960
650 _aSINDHI LITERATURE
942 _hO1593,1:g, 156K0
_cTEXL
_2cc
999 _c1059972
_d1059972